Matthew : (Record no. 648)

MARC details
000 -LEADER
fixed length control field 01023cam a2200313 a 4500
001 - CONTROL NUMBER
control field 112332
003 - CONTROL NUMBER IDENTIFIER
control field GBCCL
005 - DATE AND TIME OF LATEST TRANSACTION
control field 20241126110342.0
008 - FIXED-LENGTH DATA ELEMENTS--GENERAL INFORMATION
fixed length control field 031203m20049999miu b 001 0 eng
010 ## -
-- 2003064346
020 ## - INTERNATIONAL STANDARD BOOK NUMBER
International Standard Book Number 9780802845078 (v. 2 : pbk : alk. paper)
020 ## - INTERNATIONAL STANDARD BOOK NUMBER
International Standard Book Number 9780802845061 (v. 1)
035 ## - SYSTEM CONTROL NUMBER
System control number (OCoLC)ocm53880158
040 ## - CATALOGING SOURCE
Original cataloging agency DLC
Transcribing agency DLC
Modifying agency C#P
-- LBB
042 ## -
-- pcc
049 ## -
-- LBBK
-- 1-2
-- LBBA
-- 1
050 00 -
-- BS2575.53
-- .B78 2004
082 00 - DEWEY DECIMAL CLASSIFICATION NUMBER
Classification number 226.2077
Edition information 22
Item number BRU
090 ## - LOCALLY ASSIGNED LC-TYPE CALL NUMBER (OCLC); LOCAL CALL NUMBER (RLIN)
Classification number (OCLC) (R) ; Classification number, CALL (RLIN) (NR) BS2575.53
Local cutter number (OCLC) ; Book number/undivided call number, CALL (RLIN) .B78 2004
100 1# - MAIN ENTRY--PERSONAL NAME
Personal name Bruner, Frederick Dale.
9 (RLIN) 2881
245 10 - TITLE STATEMENT
Title Matthew :
Remainder of title a commentary /
Statement of responsibility, etc. Frederick Dale Bruner.
250 ## - EDITION STATEMENT
Edition statement Rev. and expanded ed.
260 ## - PUBLICATION, DISTRIBUTION, ETC.
Place of publication, distribution, etc. Grand Rapids, Mich. :
Name of publisher, distributor, etc. W.B. Eerdmans Pub. Co.,
Date of publication, distribution, etc. <c2004- >
300 ## - PHYSICAL DESCRIPTION
Extent v. <2> ;
Dimensions 25 cm.
504 ## - BIBLIOGRAPHY, ETC. NOTE
Bibliography, etc. note Includes bibliographical references and indexes.
505 1# - FORMATTED CONTENTS NOTE
Formatted contents note v.1. The Christbook, Matthew 1-12 -- v. 2. The Churchbook, Matthew 13-28
630 00 - SUBJECT ADDED ENTRY--UNIFORM TITLE
Uniform title Bible.
Name of part/section of a work N.T.
-- Matthew
Form subdivision Commentaries.
9 (RLIN) 2882
942 ## - ADDED ENTRY ELEMENTS (KOHA)
Source of classification or shelving scheme Dewey Decimal Classification
Koha item type Reference Books
Holdings
Withdrawn status Lost status Source of classification or shelving scheme Damaged status Not for loan Home library Current Library Shelving location Date acquired Total checkouts Full call number Barcode Date last seen Copy number Price effective from Koha item type
    Dewey Decimal Classification     GRACE BIBLE COLLEGE GRACE BIBLE COLLEGE Commentary 2017-01-10   226.2077 BRU 010658 2025-05-01 v.1 c.1 2017-01-10 Reference Books
    Dewey Decimal Classification     GRACE BIBLE COLLEGE GRACE BIBLE COLLEGE Commentary 2017-01-10   226.2077 BRU 010659 2025-05-01 v.2 c.1 2017-01-10 Reference Books
© Grace Bible College Library 2025